000 00694nam a2200217Ii 4500
003 JO-AjNU
008 230605s9999||||xx |||||||||||||| ||und||
017 _a20042/6/1363
040 _aJO-AjNU
_bara
_erda
_cJO-AjNU
041 _aara
050 1 4 _aPJ7842.H49.H372 2014
100 3 _aالخطيب،ابراهيم ,
_eauthor
_957587
245 0 0 _aحتى يتبين لك خيط الحلم
250 _aط1
264 3 1 _aعمان: دار الكندي للنشر والتوزيع،2004
300 _a133ص
336 _atext
_btxt
_2rdacontent
337 _aunmediated
_bn
_2rdamedia
338 _avolume
_bnc
_2rdacarrier
650 4 _aالشعر العربي-العصر الحديث
_957588
999 _aA25816
_c29384
_d29384